Missing Word: 'K' Actor Movies Quiz Stats

 Plays Quiz Updated Dec 10, 2015

Challenge
Share
Tweet
Embed
Score 0/30 Timer 03:00
1 Play Today
Hint Answer % Correct
Nicole KidmanEyes
97.3%
Harvey KeitelDusk
96.9%
Kevin KlineWanda
95%
Val Kilmer Kiss
94.8%
Michael KeatonBatman
94.6%
Keira KnightleyPrejudice
93.4%
Kevin KlineWest
92.3%
Val Kilmer Gun
89.6%
Harvey KeitelTaxi
87%
Harvey KeitelReservoir
86.8%
Nicole KidmanDie
81.2%
Michael KeatonFully
79.9%
Nicole KidmanThunder
78.4%
Nicole KidmanCold
77.6%
Kevin KlineSophie's
76.2%
Hint Answer % Correct
Harvey KeitelRed
74.9%
Keira KnightleyActually
74.7%
Nicole KidmanForever
70.5%
Val Kilmer Moreau
67.5%
Michael KeatonJackie
59.9%
Michael KeatonFrost
52.2%
Michael KeatonDesperate
47.6%
Keira KnightleyRyan
45.3%
Kevin KlineIce
40.2%
Harvey KeitelFace
35.4%
Kevin KlineFrench
27%
Keira KnightleyArthur
23.3%
Val Kilmer Ghost
22%
Val Kilmer Planet
12.3%
Keira KnightleyMethod
11%

Today's Daily Dose

You're not logged in!

Compare scores with friends on all Sporcle quizzes.
OR
Log In

You Might Also Like...

Show Comments

Extras

Top Quizzes Today


Score Distribution

Your Account Isn't Verified!

In order to create a playlist on Sporcle, you need to verify the email address you used during registration. Go to your Sporcle Settings to finish the process.

Report this User

Report this user for behavior that violates our Community Guidelines.

Details: